000
00251nam a22001097a 4500
008
240708b |||||||| |||| 00| 0 eng d
100
_a
Sharma, Agyadutt
_9
16678
245
_a
Insan
260
_a
Delhi:
_b
Atmaram;
_c
1961.
300
_a
225p.
942
_c
BK
999
_c
40466
_d
40466